000 00515nam a2200205 a 4500
001 BRCA_5927
005 20190320205251.0
008 220311s1930----gw-#######---#000-0#ger-#
041 _ager
044 _agw
050 4 _aHF5015.R83
_bB64
_c1930
100 1 _aBöhler, Otto.
_914975
245 1 0 _aMitglieder-Verzeichnis der Rotary Clubs.
260 _aAlemania
_bRotary Club
_c1930
300 _a187 p.
_c16 cm.
500 _aH157
650 1 4 _aRotary Club
_xDirectorio
_914976
902 _aGFM
942 _2lcc
_cB
999 _c5616
_d5616